000 00449cam a22001814a 4500
005 20250605164114.0
008 250528s ||||||||||||||||||||||||d
035 _a18021
040 _aGR-AtMCL
_bgre
_dGR-AtMCL
_eAACR2
245 1 _aΕΧΕΙ ΜΕΛΛΟΝ Ο ΑΝΘΡΩΠΟΣ;
250 _a1
260 _bΑρσενιδης,
_c1963
300 _a123
700 1 _aRussell Bertrand
_94331
942 _cBK
999 _c3413
_d3413